All This Is What It Feels Like Songs - Gracie Abrams - Statistics

General Stats
  • This quiz has been taken 76 times
  • The average score is 11 of 12
Answer Stats
Hint Answer % Correct
4 Camden
98%
2 Rockland
98%
1 Feels Like
95%
5 The Bottom
95%
10 Augusta
93%
8 Better
90%
11 Painkillers
88%
12 Alright
86%
9 Hard to Sleep
86%
7 Older
86%
3 For Real This Time
83%
6 Wishful Thinking
83%
No matching quizzes found
Score Distribution
Percent of People with Each Score
Percentile by Number Answered
Your Score History
You have not taken this quiz